The Hardest Full House Quiz Ever - Statistics

General Stats
  • This quiz has been taken 2,556 times
  • The average score is 9 of 15
Answer Stats
Hint Answer % Correct
What does the D.J. stand for in DJ Tanner's name? Donna Jo
89%
What famous musician was Jesse obsessed with? Elvis
84%
In what country did Jesse's song go #1? Japan
78%
What was the name of Danny's wife who died? Pam
76%
What were the names of Jesse's twins? Nicky and Alex
70%
What was the name of Danny and Becky's talk show? Wake Up, San Francisco
69%
What state was Becky from? Nebraska
65%
What is Stephanie's middle name? Judith
62%
What was the name of the club that Jesse inherited? Smash Club
55%
What was the name of DJ's boyfriend who played in Jesse's band? Viper
55%
What was Jesse's profession in season 1? Exterminator
53%
What did Jesse do on his wedding day to cause him to be late? Skydive
49%
What was Jesse's original last name in season 1? Cochran
47%
What was the singer's name that came to sing a song to Stephanie for her birthday? Tommy Page
27%
What name did Joey give his car? (The one Stephanie crashed into the kitchen.) Rosie
24%
No matching quizzes found
Score Distribution
Percent of People with Each Score
Percentile by Number Answered
Your Score History
You have not taken this quiz